Circuits: Engineering concepts and analysis of linear electric circuits (Record no. 7079)

MARC details
000 -LEADER
fixed length control field 00664nam a22001937a 4500
003 - CONTROL NUMBER IDENTIFIER
control field OSt
005 - DATE AND TIME OF LATEST TRANSACTION
control field 20251215063853.0
008 - FIXED-LENGTH DATA ELEMENTS--GENERAL INFORMATION
fixed length control field 251215b |||||||| |||| 00| 0 eng d
020 ## - INTERNATIONAL STANDARD BOOK NUMBER
International Standard Book Number 981-240-263-2
040 ## - CATALOGING SOURCE
Original cataloging agency DWC-Main lib
Transcribing agency OC
082 ## - DEWEY DECIMAL CLASSIFICATION NUMBER
Classification number Circ. 621.31042 C197e 2000
100 ## - MAIN ENTRY--PERSONAL NAME
Personal name Carlson, B.
245 ## - TITLE STATEMENT
Title Circuits: Engineering concepts and analysis of linear electric circuits
Statement of responsibility, etc. Carlson, Bruce A.
260 ## - PUBLICATION, DISTRIBUTION, ETC.
Place of publication, distribution, etc. Pacific Groove :
Name of publisher, distributor, etc. Thomson Learning,
Date of publication, distribution, etc. c2000
300 ## - PHYSICAL DESCRIPTION
Extent xx, 840 pages ;
Dimensions 25cm.
504 ## - BIBLIOGRAPHY, ETC. NOTE
Bibliography, etc. note Include index.
650 ## - SUBJECT ADDED ENTRY--TOPICAL TERM
Source of heading or term Electric circuits
942 ## - ADDED ENTRY ELEMENTS (KOHA)
Source of classification or shelving scheme Dewey Decimal Classification
Koha item type Book Circulation
Classification part Circ. 621.31042 C197e 2000
Call number prefix Circ.
Suppress in OPAC No
952 ## - LOCATION AND ITEM INFORMATION (KOHA)
--
952 ## - LOCATION AND ITEM INFORMATION (KOHA)
--
Holdings
Withdrawn status Lost status Source of classification or shelving scheme Damaged status Not for loan Home library Current library Shelving location Date acquired Source of acquisition Cost, normal purchase price Total Checkouts Full call number Barcode Date last seen Copy number Price effective from Koha item type Uniform Resource Identifier
    Dewey Decimal Classification     College Library College Library Circulation 08/04/2005 School Fund 595.00   Circ. 621.31042 C197e 2000 CL42212 12/15/2025 c2 12/15/2025 BK-CIRC
    Dewey Decimal Classification     College Library College Library Circulation 04/25/2026   0.00   Circ. 621.31042 C197e 2000 CL35838 04/25/2026 c1 12/15/2025 BK-CIRC